000 01026nam a22002417a 4500
999 _c5074
_d5074
003 AR-CdUCM
008 190311b ||||| |||| 00| 0 spa d
040 _aMUNICIPALIDAD PROVINCIAL DEL CUSCO
_cBIBLIOTECA MUNICIPAL DEL CUSCO
082 _a947.084 /
_bV14
100 _aValcárcel, Gustavo
_9737
245 _aBreve historia de la revolución bolchevique /
260 _aLima :
_bEdit. Perú Nuevo,
_c1967.
300 _a62 paginas ;
_c21 cm.
_bIlustraciones, graficos, dibujos, fotos,
500 _aDonación familia Nieto
505 _aContenido :Cincuenta años de grandes victorias de socialismo --El eco inacabable de sputnik --Cae la tricentenaria dinastía Romanov --Como tomaron el poder los Bolcheviques --Lenin se traslada al Smolny --Sueños hechos realidad --Vsion fotografica URSS /
650 _aRusia
_9499
650 _aHistoria
_9136
650 _aRevolución 1917-1921
_915466
650 _aCondiciones económicas
_91989
650 _aSiglo XX
_98
942 _2ddc
_cLIBROS
945 _apjha
_d2019-05-16